[Event "SM-2022-0-00460"]
[Site "LSS email"]
[Date "2022.01.19"]
[Round "?"]
[White "Johansson, Krister"]
[Black "Kazimierski, Tomasz"]
[Result "1/2-1/2"]
[WhiteElo "2302"]
[BlackElo "2166"]
[PlyCount "81"]
[EventDate "2021.12.28"]
[EventType "tourn (corr)"]
[EventRounds "6"]
[EventCountry "GER"]
[SourceTitle "Corr 2024"]
[Source "ChessBase"]
[SourceDate "2023.10.19"]
[SourceVersion "1"]
[SourceVersionDate "2023.10.19"]
[SourceQuality "1"]

1. e4 e5 2. f4 exf4 3. Nf3 Nf6 4. e5 Nh5 5. d4 d5 6. c4 g5 7. g4 dxc4 8. Bxc4 Ng7 9. Qb3 Ne6 10. Nbd2 Nc6 11. d5 Ned4 12. Nxd4 Nxd4 13. Qd3 c5 14. b4 b5 15. Bxb5+ Nxb5 16. Qxb5+ Bd7 17. Qc4 Rb8 18. bxc5 Qa5 19. d6 Rb5 20. 0-0 Rxc5 21. Qe4 Bg7 22. Nb3 Rxe5 23. Qa8+ Qd8 24. Qxd8+ Kxd8 25. Bb2 Bxg4 26. Rac1 Rg8 27. Bxe5 Bxe5 28. Rc7 Bxd6 29. Rxa7 Rg6 30. Rxf7 Bc7 31. h3 Bxh3 32. Rd1+ Rd6 33. Rxd6+ Bxd6 34. Rxh7 Be6 35. Rh5 Be7 36. Rh8+ Kd7 37. Rb8 Bc4 38. Rb7+ Ke8 39. Ra7 Kf7 40. Ra4 Bd5 41. Ra5 1/2-1/2

[Event "SM-2019-0-00414"]
[Site "LSS email"]
[Date "2019.12.27"]
[Round "?"]
[White "Johansson, Krister"]
[Black "Steinke, Ruediger"]
[Result "1/2-1/2"]
[WhiteElo "2281"]
[BlackElo "2290"]
[PlyCount "36"]
[EventDate "2019.07.21"]
[EventType "tourn (corr)"]
[EventRounds "6"]
[EventCountry "GER"]
[SourceTitle "Corr 2022"]
[Source "ChessBase"]
[SourceDate "2021.10.24"]
[SourceVersion "1"]
[SourceVersionDate "2021.10.24"]
[SourceQuality "1"]

1. e4 c5 2. d4 cxd4 3. c3 dxc3 4. Nxc3 Nc6 5. Nf3 e6 6. Bc4 a6 7. 0-0 b5 8. Bb3 Bb7 9. Qe2 Nge7 10. Be3 Na5 11. Nd4 Ng6 12. f4 Nxb3 13. axb3 b4 14. Na4 Bxe4 15. f5 exf5 16. Nxf5 Bxf5 17. Rxf5 Be7 18. Qd3 0-0 1/2-1/2

[Event "SM-2019-0-00414"]
[Site "LSS email"]
[Date "2019.12.27"]
[Round "?"]
[White "Wlodarczyk, Robert"]
[Black "Johansson, Krister"]
[Result "1/2-1/2"]
[WhiteElo "2246"]
[BlackElo "2281"]
[PlyCount "67"]
[EventDate "2019.07.21"]
[EventType "tourn (corr)"]
[EventRounds "6"]
[EventCountry "GER"]
[SourceTitle "Corr 2022"]
[Source "ChessBase"]
[SourceDate "2021.10.24"]
[SourceVersion "1"]
[SourceVersionDate "2021.10.24"]
[SourceQuality "1"]

1. e4 c5 2. Nf3 d6 3. Bb5+ Nc6 4. 0-0 Bd7 5. Re1 Nf6 6. c3 a6 7. Bf1 Bg4 8. h3 Bxf3 9. Qxf3 e6 10. d3 Be7 11. Nd2 0-0 12. Qe2 d5 13. g3 b5 14. Bg2 Re8 15. Nf3 Rc8 16. h4 d4 17. e5 Nd7 18. c4 bxc4 19. dxc4 g6 20. Bf4 h5 21. Nd2 Qc7 22. Be4 Rb8 23. Rab1 a5 24. Bxc6 Qxc6 25. g4 hxg4 26. Qxg4 Kh7 27. Ne4 Rh8 28. Bg5 Bxg5 29. Nxg5+ Kg7 30. Re4 Rh5 31. Rbe1 Rxb2 32. Qf4 Rxg5+ 33. Qxg5 Rb1 34. Qf4 1/2-1/2

[Event "WC-2019-Q-00009"]
[Site "LSS email"]
[Date "2019.08.28"]
[Round "?"]
[White "Johansson, Krister"]
[Black "Hogar, Raif"]
[Result "1/2-1/2"]
[WhiteElo "2281"]
[BlackElo "2121"]
[PlyCount "100"]
[EventDate "2019.09.01"]
[EventType "tourn (corr)"]
[EventRounds "12"]
[EventCountry "GER"]
[SourceTitle "Corr 2022"]
[Source "ChessBase"]
[SourceDate "2021.10.24"]
[SourceVersion "1"]
[SourceVersionDate "2021.10.24"]
[SourceQuality "1"]

1. Nf3 d5 2. d4 e6 3. c4 Nf6 4. g3 Be7 5. Bg2 0-0 6. 0-0 dxc4 7. Qc2 a6 8. a4 Bd7 9. Qxc4 Bc6 10. Bf4 Bd6 11. Qc1 a5 12. Nc3 Na6 13. Rd1 Nb4 14. Ne1 Bxg2 15. Kxg2 Be7 16. Nf3 c6 17. e4 Qe8 18. Rd2 Nh5 19. Bc7 Ra6 20. g4 Qc8 21. Bg3 Nxg3 22. hxg3 f5 23. g5 c5 24. exf5 Rxf5 25. Ne4 Qc6 26. Qe1 Bxg5 27. Nfxg5 Rxg5 28. Rc1 Rd5 29. Rxc5 Qd7 30. Rc3 Rf5 31. Nc5 Qd5+ 32. f3 Rc6 33. Re2 e5 34. g4 Rf8 35. Rxe5 Qxd4 36. Re8 Qd5 37. Qe5 Qxe5 38. Rxe5 b6 39. Nd7 Rxc3 40. bxc3 Nd3 41. Rb5 Rc8 42. Nxb6 Rxc3 43. Rxa5 Ne1+ 44. Kf2 Nxf3 45. Rd5 h6 46. Ke2 Ng5 47. a5 Ne6 48. Rd6 Nc7 49. Rd4 Kf7 50. Nc4 Ke6 1/2-1/2

[Event "WC-2019-S-00002"]
[Site "LSS email"]
[Date "2019.08.28"]
[Round "?"]
[White "Johansson, Krister"]
[Black "Mueller Alves, Martin"]
[Result "1/2-1/2"]
[WhiteElo "2281"]
[BlackElo "2422"]
[PlyCount "79"]
[EventDate "2019.09.01"]
[EventType "tourn (corr)"]
[EventRounds "12"]
[EventCountry "GER"]
[SourceTitle "Corr 2024"]
[Source "ChessBase"]
[SourceDate "2023.10.19"]
[SourceVersion "1"]
[SourceVersionDate "2023.10.19"]
[SourceQuality "1"]

1. Nf3 Nf6 2. g3 d5 3. Bg2 c6 4. 0-0 Bg4 5. h3 Bxf3 6. Bxf3 e5 7. d3 Nbd7 8. a4 a5 9. e4 Bc5 10. Kg2 0-0 11. Nc3 d4 12. Ne2 Bd6 13. c3 c5 14. Qb3 Re8 15. Qc4 Nb6 16. Qb5 Bf8 17. Bd2 Nbd7 18. Rab1 Re6 19. Ng1 Rc6 20. Rfc1 Qe8 21. Qc4 Nb6 22. Qa2 Rd6 23. Ra1 Nfd7 24. cxd4 Rxd4 25. Bd1 Rxd3 26. Nf3 Nf6 27. Be2 Rdd8 28. Bb5 Qe7 29. Re1 Qc7 30. Rac1 Bd6 31. Bg5 Be7 32. Qb3 h6 33. Bxf6 Bxf6 34. Qe3 c4 35. h4 Be7 36. Rc2 Bb4 37. Rec1 c3 38. Qe2 Nd7 39. Nd2 b6 40. bxc3 1/2-1/2

[Event "WC-2019-S-00002"]
[Site "LSS email"]
[Date "2019.08.28"]
[Round "?"]
[White "Wosch, Arkadiusz"]
[Black "Johansson, Krister"]
[Result "1-0"]
[WhiteElo "2391"]
[BlackElo "2281"]
[PlyCount "99"]
[EventDate "2019.09.01"]
[EventType "tourn (corr)"]
[EventRounds "12"]
[EventCountry "GER"]
[SourceTitle "Corr 2024"]
[Source "ChessBase"]
[SourceDate "2023.10.19"]
[SourceVersion "1"]
[SourceVersionDate "2023.10.19"]
[SourceQuality "1"]

1. e4 c5 2. Nf3 d6 3. d4 cxd4 4. Nxd4 Nf6 5. Nc3 g6 6. Be3 Bg7 7. f3 0-0 8. Qd2 Nc6 9. Bc4 Bd7 10. h4 h5 11. 0-0-0 Rc8 12. Nxc6 Bxc6 13. Bb3 b5 14. Bxa7 b4 15. Nd5 Nxd5 16. exd5 Qa5 17. dxc6 Qxa7 18. g4 Qc5 19. Rde1 Rc7 20. Kb1 Qd4 21. Qxd4 Bxd4 22. gxh5 gxh5 23. Rd1 Bb6 24. Rd5 Rxc6 25. Rg5+ Kh7 26. Rxh5+ Kg6 27. Rg5+ Kh6 28. Rf5 f6 29. Rb5 Bc5 30. Be6 Ra6 31. Kc1 Be3+ 32. Kd1 Rb6 33. Rxb6 Bxb6 34. Kd2 Ra8 35. c3 Ra4 36. cxb4 Rxb4 37. b3 Rd4+ 38. Kc3 Rf4 39. Rh3 Bc5 40. a4 f5 41. Kd3 Rd4+ 42. Ke2 f4 43. Rh1 Kg6 44. h5+ Kh6 45. Bf7 Rb4 46. Ra1 Be3 47. Kd3 Rd4+ 48. Kc3 Rd2 49. Rg1 d5 50. Rg6+ 1-0

[Event "SM-2019-0-00408"]
[Site "LSS email"]
[Date "2019.06.12"]
[Round "?"]
[White "Johansson, Krister"]
[Black "Mueller Alves, Martin"]
[Result "1/2-1/2"]
[WhiteElo "2281"]
[BlackElo "2440"]
[PlyCount "127"]
[EventDate "2019.02.03"]
[EventType "tourn (corr)"]
[EventRounds "6"]
[EventCountry "GER"]
[SourceTitle "Corr 2022"]
[Source "ChessBase"]
[SourceDate "2021.10.24"]
[SourceVersion "1"]
[SourceVersionDate "2021.10.24"]
[SourceQuality "1"]

1. Nf3 Nf6 2. c4 e6 3. g3 d5 4. d4 dxc4 5. Bg2 Bb4+ 6. Bd2 a5 7. Qc2 Bxd2+ 8. Qxd2 c6 9. a4 Ne4 10. Qf4 Qb6 11. 0-0 Qxb2 12. Ne5 0-0 13. Na3 Nc3 14. Qe3 Qb4 15. Nc2 Qb2 16. Na3 Qb4 17. Nc2 Qb2 18. Qd2 Qb3 19. Ne3 Qb4 20. Nc2 Qb3 21. Rfc1 Nxa4 22. Rab1 Qc3 23. Qf4 Nb2 24. Ne3 Qa3 25. g4 f6 26. N5xc4 Nxc4 27. Nxc4 g5 28. Qc7 Na6 29. Qb6 Qe7 30. Nxa5 Nb4 31. Nxb7 Bxb7 32. Rxb4 Rf7 33. Rbc4 e5 34. Bxc6 exd4 35. Bxb7 Qxb7 36. Qxd4 Re8 37. Qd3 Kg7 38. Rd4 Qb2 39. Rc2 Qb1+ 40. Kg2 Qb7+ 41. Rd5 Re5 42. e4 Re6 43. Rd2 Qc7 44. Qe3 Rfe7 45. f3 Re5 46. Rd6 Rb5 47. Qd3 Ra5 48. Rc2 Qa7 49. Rd2 Ra3 50. Qd5 Ra1 51. Qd4 Qxd4 52. R2xd4 Re8 53. Rd7+ Kg6 54. R4d6 Rf8 55. e5 Ra2+ 56. Kg3 h5 57. gxh5+ Kxh5 58. exf6 Ra5 59. Rd5 Rxd5 60. Rxd5 Rxf6 61. h4 Rg6 62. f4 Ra6 63. hxg5 Ra3+ 64. Kf2 1/2-1/2

[Event "WC-2017-S-00004"]
[Site "LSS email"]
[Date "2017.06.07"]
[Round "?"]
[White "Bobykin, Kirill Mikhailovich"]
[Black "Johansson, Krister"]
[Result "1/2-1/2"]
[WhiteElo "2498"]
[BlackElo "2280"]
[PlyCount "48"]
[EventDate "2017.06.15"]
[EventType "tourn (corr)"]
[EventRounds "12"]
[EventCountry "GER"]
[SourceTitle "Corr 2022"]
[Source "ChessBase"]
[SourceDate "2021.10.24"]
[SourceVersion "1"]
[SourceVersionDate "2021.10.24"]
[SourceQuality "1"]

1. d4 d5 2. c4 c6 3. Nf3 Nf6 4. Nc3 e6 5. e3 Nbd7 6. Qc2 Bd6 7. Bd3 dxc4 8. Bxc4 0-0 9. 0-0 b5 10. Be2 Bb7 11. Rd1 Qc7 12. e4 e5 13. Bg5 exd4 14. Rxd4 Ne5 15. Bxf6 gxf6 16. g3 Bc5 17. Rdd1 Qb6 18. Rf1 Rad8 19. Rac1 Rfe8 20. Nh4 Bc8 21. Nf5 Be6 22. Kg2 a6 23. h4 a5 24. b3 Bb4 1/2-1/2

[Event "WC-2017-S-00004"]
[Site "LSS email"]
[Date "2017.06.07"]
[Round "?"]
[White "Johansson, Krister"]
[Black "Dard, Michel"]
[Result "1/2-1/2"]
[WhiteElo "2280"]
[BlackElo "2315"]
[PlyCount "53"]
[EventDate "2017.06.15"]
[EventType "tourn (corr)"]
[EventRounds "12"]
[EventCountry "GER"]
[SourceTitle "Corr 2022"]
[Source "ChessBase"]
[SourceDate "2021.10.24"]
[SourceVersion "1"]
[SourceVersionDate "2021.10.24"]
[SourceQuality "1"]

1. e4 e5 2. Nf3 Nc6 3. Bb5 a6 4. Ba4 Nf6 5. d3 b5 6. Bb3 Bc5 7. 0-0 d6 8. c3 h6 9. Nbd2 0-0 10. Re1 Bb6 11. Nf1 Ne7 12. Ng3 Ng6 13. h3 Re8 14. a4 Rb8 15. d4 c5 16. dxe5 dxe5 17. axb5 axb5 18. Qxd8 Rxd8 19. Be3 c4 20. Bxb6 Rxb6 21. Red1 Rxd1+ 22. Bxd1 Bb7 23. Bc2 Nd7 24. Nf5 Ra6 25. Rxa6 Bxa6 26. g3 Kf8 27. Nd2 1/2-1/2

[Event "WC-2017-S-00004"]
[Site "LSS email"]
[Date "2017.06.07"]
[Round "?"]
[White "Johansson, Krister"]
[Black "Garbar, Andrij"]
[Result "1/2-1/2"]
[WhiteElo "2280"]
[BlackElo "2476"]
[PlyCount "61"]
[EventDate "2017.06.15"]
[EventType "tourn (corr)"]
[EventRounds "12"]
[EventCountry "GER"]
[SourceTitle "Corr 2022"]
[Source "ChessBase"]
[SourceDate "2021.10.24"]
[SourceVersion "1"]
[SourceVersionDate "2021.10.24"]
[SourceQuality "1"]

1. e4 e5 2. Nf3 Nf6 3. Nxe5 d6 4. Nf3 Nxe4 5. Nc3 Nxc3 6. dxc3 Be7 7. Be3 Nc6 8. Qd2 Be6 9. 0-0-0 Qd7 10. Kb1 Bf6 11. h4 h6 12. Nd4 Nxd4 13. Bxd4 Bxd4 14. cxd4 0-0 15. f3 Rae8 16. h5 Qc6 17. Bd3 Bc4 18. Qc3 Bd5 19. Qxc6 Bxc6 20. Kc1 Bd7 21. b3 f5 22. Rdg1 Re7 23. g4 fxg4 24. fxg4 Bc6 25. Rh2 Rf4 26. g5 hxg5 27. Rxg5 Be4 28. Bxe4 Rexe4 29. Rhg2 Rf7 30. h6 Ree7 31. a4 1/2-1/2